Statistics for Songs by Panic! at the Disco

Click here to take the quiz!

General Stats

  • This quiz has been taken 757 times
    (746 since last reset)
  • The average score is 30 of 58

Answer Stats

Album Song % Correct
Too Wierd to Live, Too Rare to Die!This is Gospel
84%
Vices & VirtuesThe Ballad of Mona Lisa
83%
A Fever You Can't Sweat Outi Write Sins Not Tragedies
80%
Pretty. Odd.Nine in the Afternoon
80%
Too Wierd to Live, Too Rare to Die!Miss Jackson
79%
Too Wierd to Live, Too Rare to Die!Vegas Lights
74%
Too Wierd to Live, Too Rare to Die!Nicotine
73%
A Fever You Can't Sweat OutLying is the Most Fun a Girl Can Have Without Taking Her Clothes Off
71%
Too Wierd to Live, Too Rare to Die!Girls/Girls/Boys
70%
Vices & VirtuesHurricane
68%
Jennifer's Body soundtrackNew Perspective
68%
Too Wierd to Live, Too Rare to Die!Collar Full
65%
Pretty. Odd.Northern Downpour
64%
Vices & VirtuesReady to Go (Get Me Out of My MInd)
64%
A Fever You Can't Sweat OutBuild God, then We'll Talk
63%
Vices & VirtuesSarah Smiles
63%
Pretty. Odd.That Green Gentleman (Things Have Changed)
60%
Vices & VirtuesLet's Kill Tonight
60%
Vices & VirtuesNearly Witches (Ever Since We Met...)
58%
A Fever You Can't Sweat OutBut It's Better if You Do
58%
A Fever You Can't Sweat OutCamisado
58%
Vices & VirtuesMemories
55%
Too Wierd to Live, Too Rare to Die!Far Too Young to Die
54%
Too Wierd to Live, Too Rare to Die!Girl that You Love
54%
Too Wierd to Live, Too Rare to Die!Casual Affair
54%
Pretty. Odd.When the Day Met the NIght
53%
A Fever You Can't Sweat OutThe Only Difference Between Martyrdom and Suicide is Press Coverage
53%
Vices & VirtuesAlways
53%
Pretty. Odd.Mad as Rabbits
52%
Too Wierd to Live, Too Rare to Die!The End of All Things
52%
A Fever You Can't Sweat OutTime to Dance
51%
Vices & VirtuesTrade Mistakes
49%
A Fever You Can't Sweat OutI Constantly Thank God for Esteban
48%
A Fever You Can't Sweat OutThere's a Good Reason these Tables are Numbered, Honey. You Just Haven't Thought of it Yet.
47%
A Fever You Can't Sweat OutIntroduction
46%
A Fever You Can't Sweat OutIntermission
46%
Pretty. Odd.We're So Starving
45%
Vices & VirtuesThe Calendar
45%
A Fever You Can't Sweat OutNails for Breakfast, Tacks for Snacks
45%
Pretty. Odd.Behind the Sea
43%
A Fever You Can't Sweat OutLondon Beckoned Songs about Money Written by Machines
42%
Pretty. Odd.Pas de Cheval
42%
Pretty. Odd.Folkin' Around
40%
Vices & VirtuesOh Glory
38%
Pretty. Odd.She's a Handsome Woman
38%
Pretty. Odd.She Had the World
38%
Non-album single (with Fun)C'mon
37%
Pretty. Odd.I Have Friends in Holy Spaces
37%
Pretty. Odd.The Piano Knows Something I Don't Know
36%
Pretty. Odd.Do You Know What I'm Seeing?
34%
Batman: Arkham City – The AlbumMercenary
33%
Pretty. Odd.From a Mountain in the Middle of the Cabins
33%
Vices & VirtuesTurn Off the Lights
30%
Vices & VirtuesStall Me
29%
Too Wierd to Live, Too Rare to Die!All the Boys
27%
Vices & VirtuesI Wanna Be Free
19%
Too Wierd to Live, Too Rare to Die!Can't Fight Against the Youth
19%
?It's Almost Halloween
18%

Score Distribution

Percentile by Number Answered

Percent of People with Each Score

Your Score History

You have not taken this quiz since the last reset